[Event "NED-ch 1996"]
[Site "Amsterdam"]
[Date "1996.??.??"]
[Round "7"]
[White "Kuijf, Rini"]
[Black "Bosch, Jeroen"]
[Result "1/2-1/2"]
[WhiteElo "2470"]
[BlackElo "2440"]
[PlyCount "92"]
[EventDate "1996.06.??"]
[Source "ChessBase"]
[SourceDate "2004.01.01"]

1. e4 c5 2. Nf3 g6 3. c3 Bg7 4. d4 cxd4 5. cxd4 d5 6. exd5 Nf6 7. Nc3 Nxd5 8.
Bc4 Nb6 9. Bb3 O-O 10. O-O Nc6 11. d5 Na5 12. Re1 Bg4 13. h3 Bxf3 14. Qxf3 Re8
15. Rd1 Nxb3 16. axb3 Nc8 17. Be3 Qd7 18. Qe2 a6 19. Na4 Qb5 20. Qxb5 axb5 21.
Nc3 Nd6 22. Bc5 Ra6 23. Rxa6 bxa6 24. Ra1 Rc8 25. Bb4 Ra8 26. Kf1 Kf8 27. g4
Ke8 28. Ke2 Kd7 29. Kd3 h5 30. Bc5 hxg4 31. hxg4 f5 32. gxf5 gxf5 33. Ra2 Ne8
34. Bd4 Bxd4 35. Kxd4 Nc7 36. Ke5 Rh8 37. Ra1 Rh4 38. Kxf5 Rb4 39. Ne4 Rd4 40.
Nc5+ Kd6 41. Ne4+ Kxd5 42. Nc3+ Kd6 43. Ne4+ Kd5 44. Nc3+ Kc5 45. Re1 Kd6 46.
Ne4+ Kd5 1/2-1/2

[Event "NED-ch 1996"]
[Site "Amsterdam"]
[Date "1996.??.??"]
[Round "7"]
[White "Piket, Jeroen"]
[Black "Reinderman, Dimitri"]
[Result "1/2-1/2"]
[WhiteElo "2570"]
[BlackElo "2495"]
[PlyCount "82"]
[EventDate "1996.06.??"]
[Source "ChessBase"]
[SourceDate "2004.01.01"]

1. e4 d5 2. exd5 Qxd5 3. Nc3 Qa5 4. d4 c6 5. Bc4 Bf5 6. Nf3 Nf6 7. O-O e6 8.
Re1 Nbd7 9. h3 h6 10. Qe2 Be7 11. Bb3 O-O 12. Bd2 Qc7 13. Rad1 Rfe8 14. a3 Rad8
15. Bc1 Bf8 16. Ne5 Nxe5 17. Qxe5 Qxe5 18. Rxe5 a6 19. Ree1 c5 20. Be3 cxd4 21.
Rxd4 Rxd4 22. Bxd4 Nd7 23. g4 Bg6 24. Ne2 Nc5 25. Bxc5 Bxc5 26. Nf4 Bh7 27. Rd1
Be4 28. c3 Kf8 29. Kf1 Bc6 30. Ke2 Ke7 31. f3 Bd6 32. Nd3 f5 33. Rg1 Kf6 34.
Bc2 g5 35. Rd1 h5 36. Nf2 Be5 37. Bb3 Rh8 38. gxf5 exf5 39. Bd5 Bxd5 40. Rxd5
Re8 41. Kf1 Bg3 1/2-1/2

[Event "NED-ch 1996"]
[Site "Amsterdam"]
[Date "1996.??.??"]
[Round "7"]
[White "Sosonko, Gennadi"]
[Black "Nijboer, Friso"]
[Result "0-1"]
[WhiteElo "2515"]
[BlackElo "2475"]
[PlyCount "70"]
[EventDate "1996.06.??"]
[Source "ChessBase"]
[SourceDate "2004.01.01"]

1. d4 Nf6 2. c4 g6 3. Nc3 Bg7 4. e4 d6 5. Nf3 O-O 6. Be2 e5 7. O-O Nc6 8. d5
Ne7 9. b4 Nh5 10. Nd2 Nf4 11. Bf3 f5 12. a4 Kh8 13. Nb3 g5 14. exf5 Nxf5 15. g3
Nh3+ 16. Kg2 Nh6 17. Be4 Ng4 18. Ra2 Qe8 19. f3 Nf6 20. Bb1 Qh5 21. Kh1 Bd7 22.
c5 g4 23. f4 exf4 24. Bxf4 Ng8 25. Ne4 Ne7 26. cxd6 cxd6 27. Rd2 Bxa4 28. Nxd6
Rad8 29. Nxb7 Rxd5 30. N7c5 Rxc5 31. Nxc5 Bxd1 32. Rfxd1 Nxf4 33. gxf4 g3 34.
Ne6 Qf3+ 35. Kg1 Qe3+ 0-1

[Event "NED-ch 1996"]
[Site "Amsterdam"]
[Date "1996.??.??"]
[Round "7"]
[White "Van der Wiel, John"]
[Black "Cifuentes Parada, Roberto"]
[Result "1-0"]
[WhiteElo "2535"]
[BlackElo "2490"]
[PlyCount "99"]
[EventDate "1996.06.??"]
[Source "ChessBase"]
[SourceDate "2004.01.01"]

1. e4 c5 2. Nf3 d6 3. d4 cxd4 4. Nxd4 Nf6 5. Nc3 Nc6 6. Bc4 e6 7. Be3 Be7 8.
Bb3 O-O 9. O-O a6 10. f4 Nxd4 11. Bxd4 b5 12. e5 dxe5 13. fxe5 Nd7 14. Ne4 Bb7
15. Nd6 Bxd6 16. exd6 Qg5 17. Rf2 Kh8 18. Qd2 Qxd2 19. Rxd2 a5 20. a4 e5 21.
Be3 b4 22. Rf1 f6 23. Be6 Bc6 24. b3 Rfe8 25. Bh3 Red8 26. c3 bxc3 27. Rc2 Nf8
28. Rxc3 Bd7 29. Bb6 Re8 30. Rc7 Bxh3 31. gxh3 Red8 32. Rd1 Nd7 33. Ba7 f5 34.
Bf2 h6 35. Bh4 g5 36. Be1 Kg7 37. Rd5 Kf6 38. Bxa5 Ke6 39. Rb5 Kxd6 40. Rc2
Rdc8 41. Bb4+ Ke6 42. Rd2 Rc1+ 43. Kg2 Nf8 44. Rd6+ Kf7 45. Rxe5 f4 46. Rf5+
Kg7 47. Rc5 Rc8 48. Rxc8 Rxc8 49. a5 Rc2+ 50. Rd2 1-0

[Event "NED-ch 1996"]
[Site "Amsterdam"]
[Date "1996.??.??"]
[Round "8"]
[White "Bosch, Jeroen"]
[Black "Van der Wiel, John"]
[Result "1/2-1/2"]
[WhiteElo "2440"]
[BlackElo "2535"]
[PlyCount "36"]
[EventDate "1996.06.??"]
[Source "ChessBase"]
[SourceDate "2004.01.01"]

1. e4 d6 2. d4 Nf6 3. Nc3 g6 4. Nf3 Bg7 5. h3 O-O 6. Be3 c6 7. a4 Nbd7 8. a5 d5
9. exd5 cxd5 10. Be2 a6 11. O-O Nb8 12. Ne5 Bd7 13. Re1 Nc6 14. Nxc6 Bxc6 15.
Qd2 Rc8 16. Bh6 Qd6 17. Bxg7 Kxg7 18. Bf3 Rfd8 1/2-1/2

[Event "NED-ch 1996"]
[Site "Amsterdam"]
[Date "1996.??.??"]
[Round "8"]
[White "Nijboer, Friso"]
[Black "Kuijf, Rini"]
[Result "1-0"]
[WhiteElo "2475"]
[BlackElo "2470"]
[PlyCount "79"]
[EventDate "1996.06.??"]
[Source "ChessBase"]
[SourceDate "2004.01.01"]

1. e4 e6 2. d4 d5 3. Nc3 Nf6 4. e5 Nfd7 5. f4 c5 6. Nf3 Nc6 7. Be3 a6 8. Qd2 b5
9. dxc5 Bxc5 10. Bxc5 Nxc5 11. Qf2 Qb6 12. Bd3 b4 13. Ne2 a5 14. O-O Ba6 15.
Kh1 Ne7 16. h3 h6 17. Rad1 O-O 18. g4 Na4 19. Qxb6 Nxb6 20. b3 Nd7 21. Kh2 Rfc8
22. Ned4 Nc6 23. Nb5 Bxb5 24. Bxb5 Rab8 25. Bd3 Nc5 26. Rd2 Nxd3 27. cxd3 Na7
28. g5 hxg5 29. fxg5 g6 30. h4 Nb5 31. h5 gxh5 32. g6 fxg6 33. Rg2 Rb7 34.
Rxg6+ Rg7 35. Rxe6 Rc2+ 36. Kh3 Nc3 37. Rf6 Re2 38. e6 Re3 39. Kh4 Ne2 40. Ng5
1-0

[Event "NED-ch 1996"]
[Site "Amsterdam"]
[Date "1996.??.??"]
[Round "8"]
[White "Reinderman, Dimitri"]
[Black "Sosonko, Gennadi"]
[Result "0-1"]
[WhiteElo "2495"]
[BlackElo "2515"]
[PlyCount "74"]
[EventDate "1996.06.??"]
[Source "ChessBase"]
[SourceDate "2004.01.01"]

1. e4 c5 2. Nc3 Nc6 3. f4 g6 4. Nf3 Bg7 5. Bb5 Nd4 6. O-O a6 7. Bd3 d6 8. Nxd4
cxd4 9. Ne2 Nf6 10. Kh1 O-O 11. Nxd4 Nxe4 12. Bxe4 Bxd4 13. Qf3 Rb8 14. c3 Bg7
15. f5 b5 16. d4 b4 17. Bg5 bxc3 18. bxc3 Qc7 19. Qg3 Bb7 20. Rae1 Rfe8 21. Bc2
Bd5 22. Bb3 Bc4 23. Rf3 e5 24. Ba4 Rec8 25. Qh4 Rb2 26. Bh6 Bd5 27. Rg3 Qd8 28.
Bg5 Qa5 29. f6 Rxc3 30. Rg1 Rxg3 31. hxg3 Bf8 32. dxe5 Rb4 33. Bf4 Qxa4 34.
exd6 Rb2 35. Qg4 Qc2 36. Qh3 Be6 37. Qh4 Qe4 0-1

[Event "NED-ch 1996"]
[Site "Amsterdam"]
[Date "1996.??.??"]
[Round "9"]
[White "Cifuentes Parada, Roberto"]
[Black "Bosch, Jeroen"]
[Result "1-0"]
[WhiteElo "2490"]
[BlackElo "2440"]
[PlyCount "74"]
[EventDate "1996.06.??"]
[Source "ChessBase"]
[SourceDate "2004.01.01"]

1. d4 Nf6 2. c4 e6 3. g3 c5 4. Nf3 cxd4 5. Nxd4 Bb4+ 6. Nc3 Ne4 7. Qd3 Bxc3+ 8.
bxc3 Nc5 9. Qc2 b6 10. Bg2 Bb7 11. Bxb7 Nxb7 12. Qe4 Nc6 13. Ba3 Nxd4 14. cxd4
d5 15. Qg4 g5 16. cxd5 Qxd5 17. O-O O-O-O 18. Be7 Rdg8 19. Rac1+ Kb8 20. Bf6 h5
21. e4 hxg4 22. exd5 Rh6 23. Be5+ Ka8 24. d6 f6 25. d7 Nd8 26. Rc8+ Kb7 27.
Rb8+ Ka6 28. Bc7 Rhh8 29. f4 gxf4 30. Rxf4 f5 31. d5 exd5 32. Ra4+ Kb5 33. Rxa7
Nc6 34. Rxb6+ Kc5 35. Raa6 Nd4 36. Bd6+ Kc4 37. Rb4+ Kd3 1-0

[Event "NED-ch 1996"]
[Site "Amsterdam"]
[Date "1996.??.??"]
[Round "9"]
[White "Hendriks, Willy"]
[Black "Timman, Jan"]
[Result "0-1"]
[WhiteElo "2425"]
[BlackElo "2620"]
[PlyCount "74"]
[EventDate "1996.06.??"]
[Source "ChessBase"]
[SourceDate "2004.01.01"]

1. e4 c5 2. Nf3 e6 3. d4 cxd4 4. Nxd4 Nf6 5. Nc3 d6 6. Bc4 Be7 7. Bb3 Na6 8. f4
Nc5 9. Qf3 O-O 10. f5 e5 11. Nde2 b5 12. Bg5 Nxb3 13. cxb3 Bb7 14. Bxf6 Bxf6
15. O-O-O b4 16. Nd5 a5 17. Kb1 Rc8 18. Rc1 Bxd5 19. exd5 Bg5 20. Rxc8 Qxc8 21.
h4 e4 22. Qxe4 Re8 23. Qg4 Be3 24. Ng3 Re7 25. Re1 Rc7 26. Ne2 Re7 27. Ng3 Bf4
28. Ne2 Bh6 29. Rd1 Re5 30. Nd4 Rxd5 31. Qe4 Rc5 32. Nc2 Rxf5 33. Qg4 g6 34.
Nd4 Rc5 35. Qxc8+ Rxc8 36. g4 Rc5 37. g5 Bg7 0-1

[Event "NED-ch 1996"]
[Site "Amsterdam"]
[Date "1996.??.??"]
[Round "9"]
[White "Kuijf, Rini"]
[Black "Reinderman, Dimitri"]
[Result "1-0"]
[WhiteElo "2470"]
[BlackElo "2495"]
[PlyCount "127"]
[EventDate "1996.06.??"]
[Source "ChessBase"]
[SourceDate "2004.01.01"]

1. e4 g6 2. d4 Bg7 3. Nc3 c6 4. Bc4 d6 5. Nf3 Nf6 6. Qe2 b5 7. Bd3 Bg4 8. O-O
Nfd7 9. Be3 b4 10. Na4 Qa5 11. b3 e5 12. a3 exd4 13. Bd2 Ne5 14. axb4 Qd8 15.
Qd1 Nxf3+ 16. gxf3 Bh5 17. Be2 O-O 18. Ra2 Re8 19. Nb2 d5 20. Nd3 Bxf3 21. Bxf3
dxe4 22. Bg2 exd3 23. cxd3 a6 24. b5 Ra7 25. bxc6 Qd6 26. Qf3 Be5 27. h3 Qe6
28. Qd5 Qf6 29. Qf3 Qe6 30. Re1 Qxb3 31. Ra5 Rae7 32. Raxe5 Rxe5 33. Rxe5 Rxe5
34. c7 Re8 35. Qb7 Qd1+ 36. Kh2 Qxd2 37. cxb8=Q Rxb8 38. Qxb8+ Kg7 39. Qe5+ f6
40. Qxd4 a5 41. Qa7+ Kf8 42. Qe3 Qb4 43. Qh6+ Kg8 44. Bd5+ Kh8 45. Kg2 a4 46.
Kf3 Qd6 47. Bc4 a3 48. Qf4 Qd8 49. Qe4 Kg7 50. Qb7+ Kh6 51. Qa7 Qd6 52. Qe3+
Kg7 53. Qe6 Qf8 54. Ba2 Qd8 55. Qd5 Qf8 56. d4 Qc8 57. Qf7+ Kh6 58. Qe6 Qc2 59.
Qe3+ g5 60. Qxa3 Qf5+ 61. Kg2 Qe4+ 62. Kh2 Qxd4 63. Qf8+ Kg6 64. Bb1+ 1-0

[Event "NED-ch 1996"]
[Site "Amsterdam"]
[Date "1996.??.??"]
[Round "9"]
[White "Sosonko, Gennadi"]
[Black "Van der Sterren, Paul"]
[Result "0-1"]
[WhiteElo "2515"]
[BlackElo "2535"]
[PlyCount "40"]
[EventDate "1996.06.??"]
[Source "ChessBase"]
[SourceDate "2004.01.01"]

1. d4 d5 2. Nf3 e6 3. c4 dxc4 4. Nc3 a6 5. e4 b5 6. a4 b4 7. Ne2 c5 8. d5 exd5
9. Nf4 Ne7 10. exd5 Ng6 11. Bxc4 Bd6 12. Nxg6 hxg6 13. O-O Nd7 14. Qe2+ Kf8 15.
h3 Rh5 16. a5 Nf6 17. Bg5 Bxh3 18. Bh4 Qd7 19. Bg3 Bxg2 20. Bxd6+ Kg8 0-1

[Event "NED-ch 1996"]
[Site "Amsterdam"]
[Date "1996.??.??"]
[Round "10"]
[White "Hendriks, Willy"]
[Black "Piket, Jeroen"]
[Result "0-1"]
[WhiteElo "2425"]
[BlackElo "2570"]
[PlyCount "60"]
[EventDate "1996.06.??"]
[Source "ChessBase"]
[SourceDate "2004.01.01"]

1. e4 e6 2. d4 d5 3. e5 c5 4. c3 Nc6 5. Nf3 Bd7 6. Be2 Nge7 7. Na3 cxd4 8. cxd4
Nf5 9. Nc2 Qb6 10. O-O a5 11. g4 Nfe7 12. Be3 h5 13. h3 Rc8 14. Bd3 hxg4 15.
hxg4 Na7 16. Ng5 Bb5 17. Ne1 Nec6 18. Qf3 Nd8 19. Rd1 Be7 20. Nh3 Ndc6 21. Bxb5
Nxb5 22. Nc2 a4 23. Nf4 g6 24. Ne2 Na5 25. Ne1 Rc4 26. b3 axb3 27. axb3 Nxb3
28. Rb1 N3xd4 29. Bxd4 Nxd4 30. Rxb6 Nxf3+ 0-1

[Event "NED-ch 1996"]
[Site "Amsterdam"]
[Date "1996.??.??"]
[Round "10"]
[White "Reinderman, Dimitri"]
[Black "Van der Wiel, John"]
[Result "0-1"]
[WhiteElo "2495"]
[BlackElo "2535"]
[PlyCount "58"]
[EventDate "1996.06.??"]
[Source "ChessBase"]
[SourceDate "2004.01.01"]

1. c4 e5 2. Nc3 d6 3. g3 f5 4. Bg2 Nf6 5. e3 c6 6. d4 Na6 7. Nge2 Be7 8. O-O
O-O 9. a3 Nc7 10. b4 Be6 11. b5 Bxc4 12. bxc6 bxc6 13. Bxc6 Rb8 14. Qa4 d5 15.
dxe5 Ne4 16. Nxe4 fxe4 17. Qd1 Qc8 18. Ba4 Rb6 19. Nd4 Rh6 20. f4 exf3 21. Rf2
Ne6 22. Nxe6 Qxe6 23. Bb2 Bg5 24. Bd4 Qg4 25. Bb3 Rc6 26. Bxc4 Rxc4 27. Rc1
Rxc1 28. Qxc1 Qxd4 29. Rxf3 Qxe5 0-1

[Event "NED-ch 1996"]
[Site "Amsterdam"]
[Date "1996.??.??"]
[Round "10"]
[White "Sokolov, Ivan"]
[Black "Sosonko, Gennadi"]
[Result "1-0"]
[WhiteElo "2665"]
[BlackElo "2515"]
[PlyCount "115"]
[EventDate "1996.06.??"]
[Source "ChessBase"]
[SourceDate "2004.01.01"]

1. d4 Nf6 2. c4 e6 3. Nf3 d5 4. Nc3 Bb4 5. cxd5 exd5 6. Bg5 Nbd7 7. e3 c5 8.
Bd3 Qa5 9. Qc2 c4 10. Bf5 O-O 11. O-O Re8 12. Nd2 g6 13. Bxd7 Nxd7 14. h4 Nb6
15. f3 Bxc3 16. bxc3 Qa4 17. Qc1 Bf5 18. Re1 Qc6 19. Nf1 Na4 20. Ng3 Bd3 21.
Nh1 Kg7 22. Nf2 f6 23. Bf4 h6 24. Qa3 g5 25. hxg5 hxg5 26. Bg3 b5 27. e4 Kg6
28. exd5 Qxd5 29. Ng4 Bf5 30. Ne3 Qd7 31. Rad1 a5 32. d5 Bd3 33. Qc1 Rac8 34.
d6 Rc5 35. Ng4 Rcc8 36. Qd2 Rxe1+ 37. Rxe1 Re8 38. a3 Re6 39. Re3 Nc5 40. Qf2
Rxe3 41. Qxe3 Ne4 42. Be5 f5 43. fxe4 fxg4 44. Qd4 g3 45. Bxg3 Qg4 46. Qe3 Qd1+
47. Be1 Kf7 48. e5 Ke6 49. Kf2 Qg4 50. Bd2 Bf5 51. Qa7 Kxe5 52. Qe7+ Kd5 53.
Bxg5 Be6 54. Be3 Qf5+ 55. Kg1 Ke4 56. Bf2 Qd5 57. Qh7+ Bf5 58. Qh5 1-0

[Event "NED-ch 1996"]
[Site "Amsterdam"]
[Date "1996.??.??"]
[Round "10"]
[White "Timman, Jan"]
[Black "Bosch, Jeroen"]
[Result "1-0"]
[WhiteElo "2620"]
[BlackElo "2440"]
[PlyCount "57"]
[EventDate "1996.06.??"]
[Source "ChessBase"]
[SourceDate "2004.01.01"]

1. d4 Nf6 2. c4 e6 3. Nc3 Bb4 4. e3 O-O 5. Bd3 d5 6. Nf3 c5 7. O-O Nc6 8. a3
Bxc3 9. bxc3 Re8 10. a4 Qc7 11. Ba3 dxc4 12. Bxc4 b6 13. Qe2 Bb7 14. Rfd1 h6
15. Ba6 Bxa6 16. Qxa6 e5 17. h3 e4 18. Nd2 Na5 19. Nc4 Nxc4 20. Qxc4 Red8 21.
dxc5 Rxd1+ 22. Rxd1 Qe7 23. cxb6 Qxa3 24. b7 Rb8 25. Qc7 Qf8 26. c4 Nh7 27. c5
Ng5 28. c6 Ne6 29. Qe5 1-0

[Event "NED-ch 1996"]
[Site "Amsterdam"]
[Date "1996.??.??"]
[Round "11"]
[White "Bosch, Jeroen"]
[Black "Nijboer, Friso"]
[Result "0-1"]
[WhiteElo "2440"]
[BlackElo "2475"]
[PlyCount "74"]
[EventDate "1996.06.??"]
[Source "ChessBase"]
[SourceDate "2004.01.01"]

1. e4 c5 2. Nf3 e6 3. Nc3 a6 4. g3 b5 5. Bg2 Bb7 6. d3 d6 7. O-O Nc6 8. Re1 Qc7
9. a4 b4 10. Nb1 Nge7 11. c3 g6 12. d4 cxd4 13. cxd4 Bg7 14. d5 Nd8 15. Bf4 e5
16. Bxe5 Bxe5 17. Nxe5 dxe5 18. d6 Qd7 19. dxe7 Qxe7 20. Nd2 Ne6 21. a5 O-O 22.
Nc4 Rad8 23. Qa4 Nd4 24. Nb6 Bc6 25. Qd1 b3 26. Nd5 Bxd5 27. exd5 Nc2 28. Qd3
Nxa1 29. Rxa1 Qb4 30. h4 Rd6 31. Kh2 Rf6 32. Qe3 Rc8 33. Ra3 Qc5 34. Rxb3 Rxf2
35. Kg1 Rd2 36. Rc3 Qxe3+ 37. Rxe3 Rc1+ 0-1

[Event "NED-ch 1996"]
[Site "Amsterdam"]
[Date "1996.??.??"]
[Round "11"]
[White "Sosonko, Gennadi"]
[Black "Hendriks, Willy"]
[Result "1-0"]
[WhiteElo "2515"]
[BlackElo "2425"]
[PlyCount "49"]
[EventDate "1996.06.??"]
[Source "ChessBase"]
[SourceDate "2004.01.01"]

1. d4 Nf6 2. Nf3 g6 3. g3 Bg7 4. Bg2 O-O 5. O-O d6 6. Nc3 Nbd7 7. d5 e5 8. dxe6
fxe6 9. Nd4 Nb6 10. a4 Nbd5 11. Nxd5 exd5 12. a5 a6 13. Bg5 c6 14. Qc1 Bd7 15.
c4 dxc4 16. e4 Qe8 17. Qxc4+ Kh8 18. Rfe1 Ng4 19. Nf3 Ne5 20. Nxe5 Qxe5 21. Be3
Qb5 22. Qa2 Rae8 23. Rab1 Be6 24. Qa3 d5 25. Bf1 1-0

[Event "NED-ch 1996"]
[Site "Amsterdam"]
[Date "1996.??.??"]
[Round "11"]
[White "Van der Wiel, John"]
[Black "Van der Sterren, Paul"]
[Result "1/2-1/2"]
[WhiteElo "2535"]
[BlackElo "2535"]
[PlyCount "98"]
[EventDate "1996.06.??"]
[Source "ChessBase"]
[SourceDate "2004.01.01"]

1. e4 e5 2. Nf3 Nc6 3. d4 exd4 4. Nxd4 Bc5 5. Nb3 Bb6 6. a4 a6 7. Nc3 d6 8. Nd5
Ba7 9. Be3 Bxe3 10. Nxe3 Nf6 11. Bd3 O-O 12. O-O Ne5 13. f4 Nfg4 14. Nxg4 Bxg4
15. Qd2 Nxd3 16. cxd3 c5 17. a5 Be6 18. Qc3 f5 19. e5 Rc8 20. Rfe1 b5 21. exd6
b4 22. Qc2 Qxd6 23. Nxc5 Rxc5 24. Rxe6 Rxc2 25. Rxd6 Re8 26. Kh1 Rxb2 27. Rxa6
Ra2 28. Rb1 Ree2 29. h3 Rxg2 30. Rxb4 h6 31. Ra4 Rh2+ 32. Kg1 Rag2+ 33. Kf1
Rf2+ 34. Kg1 Rfg2+ 35. Kf1 Rb2 36. Kg1 Rhg2+ 37. Kh1 Rh2+ 38. Kg1 Rhd2 39. Ra1
Rg2+ 40. Kh1 Rh2+ 41. Kg1 Rbg2+ 42. Kf1 Rd2 43. Kg1 Rxh3 44. Rd6 Rg3+ 45. Kh1
Rgxd3 46. Rxd3 Rxd3 47. a6 Rd8 48. a7 Ra8 49. Ra5 g6 1/2-1/2